000
00314nam a2200121Ia 4500
008
190216s9999||||xx |||||||||||||| ||und||
100
_a
Unikrishnan Thiruvazhiode
245
0
_a
Oru Dwani Aariyaram Prathidwani
260
_b
Poorna Pubs Kozhikode
_c
1997
300
_a
199p
650
_a
Malayalam Novel
942
_c
BK
999
_c
27521
_d
27521